000 00971nam a22002897a 4500
001 4954
003 FISKH
005 20241028135229.0
008 241028b cb ||||| |||| 00| 0 eng d
020 _a9780439678759
040 _aFISKH
_beng
_cFISKH
_dFISKH
050 _aGV865.R6
082 _a796.357
100 _aRobinson, Sharon
245 _aPromises To Keep :
_bHow Jackie Robinson Changed America /
_cby Sharon Robinson
250 _aFirst Scholastic paperback printing, February 2005
260 _aNew York :
_bScholastic ;
_c2004 .
300 _a64 pages :
_bcolor illustrations ;
_c27 cm .
505 _aZ
520 _aA biography of baseball legend Jackie Robinson, the first African American to play in the major leagues, as told by his daughter.
521 8 _a1030
_bLexile
521 8 _aZ
_bRaz-Plus
650 _ablack history
_vnon-fiction
700 _aKristina, Albertson
_eeditor
942 _2ddc
_cBK
_n0
999 _c4954
_d4954